00358nam a2200121Ia 450000500170000000800410001708200220005810000110008024500380009126000480012930000110017750000480018820250324070027.0240331s9999 xx 000 0 und d a302.24bROY26027 aRoy, A 0aSurvival and Right to Information aHyderabad,bForum for Freedom of Expression a22 p., aA lecture on Gulam Rasool, a city reporter.